Sanat - "Tinakenkätyttö" - Kaija Koo - Statistics

Yleistilastot
  • Tätä visaa on pelattu 439 kertaa
  • Keskiarvotulos 140 / 206
Vastaustilastot
Vastaus % Oikein
en
97%
on
97%
97%
laavaa
96%
sulaa
96%
tinakenkäni
93%
ei
92%
Ei
92%
salaa
92%
sitä
92%
loppuun
91%
palaa
91%
näillä
90%
teillä
90%
ennen
86%
Hei
86%
tule
86%
aamua
84%
siis
82%
kun
78%
löydä
77%
muut
77%
tie
77%
et
76%
mua
75%
muuten
74%
tyttö
74%
enää
73%
aurinko
72%
liikkua
72%
pakko
72%
Hän
71%
hän
71%
nousee
71%
sen
64%
ja
60%
tinakenkäinen
55%
itään
54%
tuo
54%
kaikki
53%
rauhattomana
53%
vie
53%
voi
52%
katselee
50%
minut
49%
tinakenkäisen
49%
mistä
48%
tinakengissään
48%
tytön
48%
kuin
47%
turvaan
47%
karttaan
45%
lukee
45%
näyttää
45%
piirtänyt
45%
pinta
45%
väreilee
45%
hentoinen
44%
löytäisit
44%
viestin
44%
voisi
44%
joka
43%
ottaa
43%
pojan
43%
reppuselkään
43%
siellä
43%
täältä
43%
oli
42%
ketään
41%
syttyy
41%
suut
40%
tuleen
40%
ettei
39%
sieltä
39%
suunnalta
39%
tinasotilasarmeija
39%
toisenlainen
39%
toisten
39%
hänen
38%
ilma
38%
koulussa
38%
kuuluuko
38%
pulpettiin
38%
sulata
38%
käyttää
37%
kenkiään
37%
luotu
37%
Tämä
37%
tukkii
37%
naurettiin
36%
lentämään
35%
unissaan
35%
ehkä
34%
hänet
34%
kuinka
34%
muistaa
34%
sut
34%
tinakenkäsi
33%
missä
32%
täällä
31%
amor
30%
nuolella
30%
olla
29%
tähtää
29%
viileää
29%
paikoillaan
28%
sinne
27%
juokse
22%
kangastuksilta
18%
Ehtoja vastaavia visoja ei löytynyt
Tulosjakauma
Jokaisen tuloksen saaneiden osuus
Persentiili vastausten määrän mukaan
Tuloshistoriasi
Et ole pelannut tätä visaa